Statistiken für Autobahnausfahrten der BAB7

Klicken Sie hier um das Quiz zu spielen!

Allgemein

  • Dieses Quiz wurde 114 mal gespielt
  • Das Durchschnittsergebnis liegt bei 36 aus 137

Antwortstatistiken

AusfahrtName% Korrekt
3Flensburg
77%
2Flensburg/Harrislee
77%
73Göttingen
64%
8Rendsburg/Büdelsdorf
57%
101Würzburg/Estenfeld
57%
62Hildesheim
55%
139Füssen
52%
77Kassel-Nord
50%
87Kirchheim
48%
6Schleswig/Jagel
48%
5Schleswig/Schuby
48%
13Neumünster-Nord
45%
15Neumünster-Süd
45%
24Hamburg-Schnelsen
43%
56Kreuz Hannover/Kirchhorst
43%
14Neumünster-Mitte
43%
21Quickborn
41%
88Hattenbacher Dreieck
39%
91Fulda-Nord
38%
18Kaltenkirchen
38%
45Soltau-Süd
38%
27Hamburg-Volkspark
36%
78Kassel-Ost
36%
134Kempten
36%
86Kirchheimer Dreieck
36%
110Kreuz Feuchtwangen/Crailsheim
36%
36Maschener Kreuz
36%
82Melsungen
36%
43Bispingen
34%
11Bordesholm
34%
28Hamburg-Bahrenfeld
34%
26Hamburg-Stellingen
34%
102Kreuz Biebelried
34%
108Rothenburg ob der Tauber
34%
67Seesen
34%
44Soltau-Ost
34%
63Derneburg/Salzgitter
32%
54Großburgwedel
32%
81Guxhagen
32%
84Homberg (Efze)
32%
120Kreuz Ulm/Elchingen
32%
59Laatzen
32%
4Tarp
32%
92Fulda-Mitte
30%
72Göttingen-Nord
30%
116Heidenheim
30%
99Kreuz Schweinfurt/Werneck
30%
71Nörten-Hardenberg
30%
48Dreieck Walsrode
29%
32Hamburg-Heimfeld
29%
23Hamburg-Schnelsen-Nord
29%
30Hamburg-Waltershof
29%
19Henstedt-Ulzburg
29%
57Kreuz Hannover-Ost
29%
89Niederaula
29%
115Aalen/Oberkochen
27%
114Aalen/Westhausen
27%
93Dreieck Fulda
27%
29Hamburg-Othmarschen
27%
37Horster Dreieck
27%
124Illertissen
27%
17Bad Bramstedt
25%
95Bad Brückenau/Wildflecken
25%
96Bad Kissingen/Oberthulba
25%
112Dinkelsbühl/Fichtenau
25%
74Dreieck Drammetal
25%
25Dreieck Hamburg-Nordwest
25%
113Ellwangen
25%
90Hünfeld/Schlitz
25%
9Kreuz Rendsburg
25%
69Northeim-Nord
25%
85Bad Hersfeld-West
23%
65Bockenem
23%
12Dreieck Bordesholm
23%
100Gramschatzer Wald
23%
16Großenaspe
23%
79Kreuz Kassel-Mitte
23%
128Kreuz Memmingen
23%
7Owschlag
23%
43aSchneverdingen
23%
80Dreieck Kassel-Süd
21%
64Dreieck Salzgitter
21%
34Hamburg-Marmstorf
21%
61Hildesheim-Drispenstedt
21%
70Northeim-West
21%
10Warder
21%
47Bad Fallingbostel
20%
51Berkhof
20%
117Giengen/Herbrechtingen
20%
31Hamburg-Hausbruch
20%
58Hannover-Anderten
20%
103Kitzingen
20%
83Malsfeld
20%
66Rhüden
20%
50Schwarmstedt
20%
94Bad Brückenau-Volkers
18%
46Dorfmark
18%
33Dreieck Hamburg-Südwest
18%
53Dreieck Hannover-Nord
18%
60Dreieck Hannover-Süd
18%
68Echte
18%
97Hammelburg
18%
104Marktbreit
18%
129Memmingen-Süd
18%
137Oy-Mittelberg
18%
106Uffenheim/Langensteinach
18%
55Altwarmbüchen
16%
107Bad Windsheim
16%
136Dreieck Allgäu
16%
41Egestorf
16%
105Gollhofen
16%
52Mellendorf
16%
39Thieshope
16%
98Wasserlosen
16%
49Westenholz
16%
126Dettingen an der Iller
14%
122Dreieck Hittistetten
14%
42Evendorf
14%
111Feuchtwangen-West
14%
119Langenau
14%
118Niederstotzingen
14%
35Seevetal-Fleestedt
14%
38Seevetal-Ramelsloh
14%
40Garlstorf
13%
121Nersingen
13%
75Hannoverisch Münden-Hedemünden
11%
76Hannoverisch Münden/Staufenberg-Lutterberg
11%
138Nesselwang
11%
132Dietmannsried
9%
127Berkheim
7%
133Kempten-Leubas
7%
109Wörnitz
7%
125Altenstadt
5%
135Betzigau
5%
123Vöhringen
5%
130Woringen
5%
131Bad Grönenbach
4%

Verteilung der Resultate

Perzentil nach korrekt beantworteten Fragen

Anzahl Personen mit jedem Resultat

Ihre Resultats-Entwicklung

Sie haben dieses Quiz noch nicht gespielt